AK’s General Knowledge A-Z #38 - Statistics

General Stats
  • This quiz has been taken 509 times
  • The average score is 17 of 26
Answer Stats
Hint Answer % Correct
A – poor woodcutter Baba who discovers a cave full of thieves’ treasures, or Muhammad who floated like a butterfly and stung like a bee Ali
97%
Q – to repeat someone’s exact words, to cite Quote
91%
N – to breast feed, or a person trained to provide care for the sick Nurse
90%
C – actor Gooding Jr., or the largest island in the Caribbean Sea Cuba
89%
R – American seismologist who created the earthquake magnitude scale Charles Richter
87%
T – to set fire, or a dating app Tinder
87%
K – base unit of temperature, including the coldest possible zero degrees Kelvin
83%
L – Jack who wrote White Fang, or the city where there are always at least six ravens in the Tower of ______ London
80%
O – TV series starring Ricky Gervais or Steve Carell The Office
80%
W – the building complex you think of when you see the numbers 9/11 World Trade Center
79%
D – title of the foremost spiritual leader of the Gelug school of Tibetan Buddhism Dalai Lama
76%
Z – type of airship patented in Germany in 1895 (Hindenburg was an unlucky one) Zeppelin
76%
G – big or tall in French Grand
75%
I – dial +962 for Jordan, +963 for Syria, +964 for ________ Iraq
71%
M – Welsh captain Sir Henry who fought against the Spanish and gave name and face to a popular rum brand (Captain ______) Morgan
69%
U – villainous sea witch in Disney’s The Little Mermaid Ursula
69%
P – is “ein Gebet” in German, or what Tommy and Gina are livin’ on a Prayer
65%
E – not centre, but the lead guitarist of U2 Edge
58%
H – name of 2001: A Space Odyssey’s artificial intelligence computer, which is literally one step ahead of IBM HAL
56%
J – a motion-based dance video game published by Ubisoft Just Dance
53%
F – the world’s smallest known vertebrate animal is an 8-millimetre long ____ Frog
45%
Y – nickname of baseball legend Lawrence Peter Berra Yogi
44%
V – the smallest national capital (by area and population) in the EU Valletta
38%
S – the only writer in the world to be awarded both the Nobel Prize for Literature and an Academy Award for screenplay (Pygmalion) George Bernard Shaw
27%
X – song by Beyoncé from her self-titled fifth studio album, or very old brandy XO
19%
B – largest city in the world located below sea level and the lowest-lying national capital Baku
16%
No matching quizzes found
Score Distribution
Percent of People with Each Score
Percentile by Number Answered
Your Score History
You have not taken this quiz